000 01534cad a22002895a 4500
001 L123924
008 031014s2003 xxk 000 0 eng u
020 _a1851126589
035 _a(Sirsi) u123924
041 _aeng
050 _a711.1
_c18
110 _aUnited Kingdom
_bOffice of the Deputy Prime Minister
245 0 0 _aParticipatory planning for sustainable communities
_binternational experience in mediation, negotiation and engagement in making plans
_h[electronic resource]
260 _aLondon
_bODPM
_c2003
520 _aThis report welcomes the evolving changes in the planning system in England, but argues that they will only work if a 'participatory planning' process is used to establish new relationships between those who make plans and the public and other stakeholders in the system. It concludes that engagement and negotiation are fundamental to the participatory planning process. Includes case studies from the Netherlands, South Africa and the USA. View the report at www.odpm.gov.uk.
650 _aPLANNING SYSTEM
650 _aSOCIAL POLICY
650 _aSUSTAINABLE COMMUNITIES
650 _aSUSTAINABLE DEVELOPMENT
650 _aPARTICIPATION
650 _aREPUBLIC OF SOUTH AFRICA
650 _aNETHERLANDS
650 _aUNITED STATES
690 _aENVIRONMENTAL AND LAND CONSULTANCY-PLANNING AND DEVELOPMENT
856 4 0 _uhttps://www.communities.gov.uk/documents/planningandbuilding/pdf/participatory-planning.pdf
_zView the item free of charge at www.communities.gov.uk
942 _n0
999 _c103127
_d103127